000 01204nam a2200265 a 4500
001 BRL_1342
005 20190320211146.0
008 070114s1994----mx-#######---#000-0#spa-#
041 _aspa
044 _amx
050 4 _aF1221.T9
_b.P74 1994
245 1 0 _aPresencia de Calixta Guiteras Holmes en Chiapas
_cVíctor Manuel Esponda Jimeno ... [et al.].
260 _aTuxtla Gutiérrez, Chiapas, México
_bGobierno del Estado de Chiapas, Consejo Estatal de Fomento a la Investigación y Difusión de la Cultura DIF-CHIAPAS, Instituto Chiapaneco de Cultura
_c1994
300 _a68 p.
_c22 cm.
440 0 _aCuadernos ocasionales
_9421
505 0 _aVisión del mundo y sistemas de creencias en San Pedro Chenalhó (inédito) por Calixta Guiteras Holmes, p. 25-68
600 1 4 _aGuiteras Holmes, Calixta
_d1905-1988
_926581
650 1 4 _aIndígenas Tzotzil
_923239
650 1 4 _aEtnologistas
_vBiografía
_zCuba
_926582
651 4 _aChenalhó (México)
_xVida social y costumbres
_926583
700 1 _aEsponda Jimeno, Víctor Manuel
_926584
740 0 _aVisión del mundo y sistemas de creencias en San Pedro Chenalhó
740 0 _aWorld view and belief system in San Pedro Chenalhó
942 _2lcc
_cB
999 _c10154
_d10154